Freaks and Geeks Characters Quiz Stats

 Plays Quiz Updated Mar 17, 2020

Support Sporcle.
Go Orange.
Score 0/20 Timer 06:00
0 Plays Today
Character % Correct
Sam Weir
87.5%
Lindsay Weir
86.6%
Bill Haverchuck
72.1%
Daniel Desario
70.6%
Kim Kelly
69.9%
Millie Kentner
66.1%
Nick Andopolis
65.8%
Neal Schweiber
63.5%
Harold Weir
61.4%
Cindy Sanders
60.9%
Character % Correct
Jean Weir
56.9%
Ken Miller
53.7%
Jeff Rosso
47.1%
Ben Fredericks
44.9%
Gordon Crisp
39.5%
Alan White
35.9%
Vicki Appleby
29.6%
Harris Trinsky
28%
Amy Andrews
27.6%
Maureen Sampson
27.4%

From the Vault

4-Letter 'CH' Words

by geronimostilton

We're giving you half of the letters straight up.
Remove Ads.
Support Sporcle.
Get the best of Sporcle when you Go Orange. This ad-free experience offers more features, more stats, and more fun while also helping to support Sporcle. Thank you for becoming a member.

Show Comments

Extras

Top Quizzes Today


Score Distribution

Your Account Isn't Verified!

In order to create a playlist on Sporcle, you need to verify the email address you used during registration. Go to your Sporcle Settings to finish the process.

Report this User

Report this user for behavior that violates our Community Guidelines.

Details: